Doing business in South Africa.
| Format: | Book |
|---|---|
| Published: |
Johannesburg:
Price Waterhouse,
1990.
|
| Subjects: |
| LEADER | 00423cam a2200157 7i4500 | ||
|---|---|---|---|
| 001 | 0000003095 | ||
| 005 | 19991025090000.0 | ||
| 002 | ##000004429 | ||
| 020 | 0 | 0 | |a T000004101 |
| 090 | 0 | 0 | |a S.AF 338.7 |b DOI |
| 245 | 0 | 0 | |a Doing business in South Africa. |
| 260 | 0 | 0 | |a Johannesburg: |b Price Waterhouse, |c 1990. |
| 300 | 0 | 0 | |a 278 p.. |
| 650 | 0 | 0 | |a Business |
| 651 | 0 | 0 | |a South Africa |
| 999 | |a 0000004811 |b Book |c Open shelf |e Business Information Centre | ||